|
|
|
|
| LEADER |
00000nam0a2200000 4500 |
| 001 |
273215 |
| 005 |
20231101234616.0 |
| 035 |
|
|
|a (RuTPU)RU\TPU\book\296424
|
| 090 |
|
|
|a 273215
|
| 100 |
|
|
|a 20141024d1967 k y0rusy50 ca
|
| 101 |
0 |
|
|a rus
|
| 102 |
|
|
|a KZ
|
| 105 |
|
|
|a a z 001zy
|
| 200 |
1 |
|
|a Геология и металлогения Рудного Алтая
|f Академия наук Казахской ССР (АН КазССР), Институт геологических наук им. К. И. Сатпаева (ИГН) ; отв. ред. А. К. Каюпов
|
| 210 |
|
|
|a Алма-Ата
|c Наука
|d 1967
|
| 215 |
|
|
|a 224 с.
|c ил.
|
| 225 |
1 |
|
|a Труды института геологических наук им. К. И. Сатпаева
|v Т. 20
|
| 320 |
|
|
|a Библиография в конце статей
|
| 606 |
1 |
|
|a Геология
|2 stltpush
|3 (RuTPU)RU\TPU\subj\6095
|9 34054
|
| 606 |
1 |
|
|a Металлогения
|x (рудообразование)
|2 stltpush
|3 (RuTPU)RU\TPU\subj\42412
|9 62079
|
| 610 |
1 |
|
|a магматизм
|
| 610 |
1 |
|
|a амфиболиты
|
| 610 |
1 |
|
|a петрография
|
| 610 |
1 |
|
|a гранитоиды
|
| 610 |
1 |
|
|a Рудный Алтай
|
| 610 |
1 |
|
|a кварциты
|
| 610 |
1 |
|
|a геохимия
|
| 610 |
1 |
|
|a бериллий
|
| 610 |
1 |
|
|a минералы
|
| 610 |
1 |
|
|a математические методы
|
| 610 |
1 |
|
|a научные заметки
|
| 610 |
1 |
|
|a сообщения
|
| 675 |
|
|
|a 55
|v 3
|
| 675 |
|
|
|a 553.2.07
|v 3
|
| 702 |
|
1 |
|a Каюпов
|b А. К.
|4 340
|
| 712 |
0 |
2 |
|a Академия наук Казахской ССР (АН КазССР)
|b Институт геологических наук им. К. И. Сатпаева (ИГН)
|c (Алма-Ата)
|2 stltpush
|3 (RuTPU)RU\TPU\col\5163
|
| 801 |
|
1 |
|a RU
|b 63413507
|c 20141024
|
| 801 |
|
2 |
|a RU
|b 63413507
|c 20150311
|g RCR
|
| 942 |
|
|
|c BK
|